000 00705nam a22002177a 4500
005 20150626150006.0
008 140714b xxu||||| |||| 00| 0 Urdu d
010 _aUR-9117
020 _c100.00
035 _aU-7672
037 _bDBAD
040 _aDPL
_bUrdu
082 _a841
100 _aمحمد ا سحا ق عا بد قا د ر ی
245 _aمنبع ا نو ا ر
_cمحمد ا سحا ق عا بد قا د ر ی
246 h _aManbai Anwar
_bByMohd. Ishaqe Abid Qadri
260 _bAl-Ansar Publications
_c2014
_aHyderabad
270 _a# 18-8-223/12 A,Riyasat Nagar
_bHyderabad
_k09391301192
_e059
300 _a128ص
_c22Cm (Hb)
942 _2ddc
_cUR
_e
_h841
_mق ا د
999 _c94521
_d94521